Khảo sát thành phần hóa học của lá mãng cầu xiêm (Annona muricata L.) : Luận văn tốt nghiệp Cao học. Chuyên ngành Hóa hữu cơ

Đề tài khảo sát thành phần hóa học và điều chế các loại cao chiết, phân lập một số hợp chất tinh khiết trên cao ethyl acetate, xác định cấu trúc và nhận danh các hợp chất tinh khiết phân lập được, khảo sát hoạt tính kháng oxy hóa của các...

全面介紹

Đã lưu trong:
書目詳細資料
主要作者: Trương, Thị La Va
格式: 圖書
語言:Undetermined
出版: Cần Thơ Trường Đại học Cần Thơ 2015
主題:
標簽: 添加標簽
沒有標簽, 成為第一個標記此記錄!
Thư viện lưu trữ: Trung tâm Học liệu Trường Đại học Cần Thơ
LEADER 01195nam a2200217Ia 4500
001 CTU_205786
008 210402s9999 xx 000 0 und d
082 |a 615.321 
082 |b V100 
088 |a 60440114 
100 |a Trương, Thị La Va 
245 0 |a Khảo sát thành phần hóa học của lá mãng cầu xiêm (Annona muricata L.) : 
245 0 |b Luận văn tốt nghiệp Cao học. Chuyên ngành Hóa hữu cơ 
245 0 |c Trương Thị La Va ; Nguyễn Thị Thu Thủy (Cán bộ hướng dẫn) 
260 |a Cần Thơ 
260 |b Trường Đại học Cần Thơ 
260 |c 2015 
520 |a Đề tài khảo sát thành phần hóa học và điều chế các loại cao chiết, phân lập một số hợp chất tinh khiết trên cao ethyl acetate, xác định cấu trúc và nhận danh các hợp chất tinh khiết phân lập được, khảo sát hoạt tính kháng oxy hóa của các cao chiết. 
650 |a Cây dược liệu,Medicinal plants 
904 |i Hải 
980 |a Trung tâm Học liệu Trường Đại học Cần Thơ